Tilastot visalle Pakistanin suurimmat kaupungit

Klikkaa tästä pelataksesi tätä visaa!

Yleistilastot

  • Tätä visaa on pelattu 7 kertaa
  • Keskiarvotulos 6 / 10

Vastaustilastot

VäestöKaupunki% Oikein
1 009 832Islamabad
100%
14 916 456Karachi
100%
11 126 285Lahore
100%
1 001 205Quetta
80%
1 734 309Hyderabad
60%
2 098 231Rawalpindi
60%
3 204 726Faisalabad
40%
1 970 042Peshawar
40%
2 027 001Gujranwala
20%
1 871 843Multan
20%

Tulosjakauma

Persentiili vastausten määrän mukaan

Jokaisen tuloksen saaneiden osuus

Tuloshistoriasi

Et ole pelannut tätä visaa